| 000 | 01158nam a2200301Ia 4500 | ||
|---|---|---|---|
| 001 | ebr10114010 | ||
| 003 | CaPaEBR | ||
| 006 | m u | ||
| 007 | cr cn||||||||| | ||
| 008 | 740624s2004 nyua sb 000 0 eng d | ||
| 010 | _z 58009935 | ||
| 020 | _z0471445282 | ||
| 040 |
_aCaPaEBR _cCaPaEBR |
||
| 035 | _a(OCoLC)560025910 | ||
| 050 | 1 | 4 |
_aQD453 _b.A27 v.128 2004eb |
| 210 | 0 | _aAdv. chem. phys. | |
| 245 | 0 | 0 |
_aAdvances in chemical physics. _nVolume 128 _h[electronic resource] / _cedited by Stuart A. Rice. |
| 260 |
_aNew York : _bWiley [etc.], _c2004. |
||
| 300 |
_aix, 384 p. : _bill., diagrs. |
||
| 504 | _aIncludes bibliographical references. | ||
| 533 |
_aElectronic reproduction. _bPalo Alto, Calif. : _cebrary, _d2013. _nAvailable via World Wide Web. _nAccess may be limited to ebrary affiliated libraries. |
||
| 650 | 0 | _aChemistry, Physical and theoretical. | |
| 650 | 0 | _aChemistry. | |
| 655 | 7 |
_aElectronic books. _2local |
|
| 700 | 1 |
_aRice, Stuart Alan, _d1932- |
|
| 710 | 2 | _aebrary, Inc. | |
| 856 | 4 | 0 |
_uhttp://site.ebrary.com/lib/rucke/Doc?id=10114010 _zAn electronic book accessible through the World Wide Web; click to view |
| 999 |
_c105565 _d105565 |
||